00257nam a22000977a 4500082003000000100002100030245004100051300002200092526003700114650000800151 a620.104bJANcL-38, P-163 ajANSSON, pER-aKE aEngineering Mechanics Dynamics Vol 2 a522 p. :bills. ; a0b0c0d620_104000000000000_JAN aMCE